Audio, video, film publication information.

Bibliographic Details
Corporate Author: Texas Education Agency
Format: Government Document Book
Language:English
Published: Austin, Tex. : Texas Education Agency, [1988?]
Subjects:

MARC

Tag First Indicator Second Indicator Subfields
LEADER 00000cam a2200000 a 4500
001 in00001068614
005 20150929095624.0
008 880810s1988 txu c s00110 eng d
020 |c $1.00 
035 |a (OCoLC)18336882 
035 |9 AFN5745AM 
040 |a IKM  |c IKM  |d UtOrBLW 
049 |a IKMD 
086 |a E500.5 Au25v  |2 txdocs 
099 9 |a E500.5  |a Au25v 
110 2 |a Texas Education Agency. 
245 1 0 |a Audio, video, film publication information. 
264 1 |a Austin, Tex. :  |b Texas Education Agency,  |c [1988?] 
300 |a vii, 125 pages ;  |c 28 cm. 
336 |a text  |b txt  |2 rdacontent 
337 |a unmediated  |b n  |2 rdamedia 
338 |a volume  |b nc  |2 rdacarrier 
500 |a "RE6 610 02"--P. [4] of cover. 
500 |a Includes indexes. 
610 2 0 |a Texas Education Agency  |x Video catalogs. 
650 0 |a Education  |z Texas  |x Audio-visual aids  |x Catalogs. 
999 |a MARS 
999 f f |s 481cfeb1-d6c1-3f9f-8baf-86f2c711cf97  |i d0fe07a5-918c-378e-910b-47e282e6bd1e  |t 0 
952 f f |p normal  |a Texas A&M University  |b College Station  |c Sterling C. Evans Library  |d Evans: Texas Documents (Annex 5th floor)  |t 0  |e E500.5 Au25v  |h Superintendent of Documents classification  |i unmediated -- volume  |m A14814921338 
998 f f |a E500.5 Au25v  |t 0  |l Evans: Texas Documents (Annex 5th floor)